000 01027nam a2200217Ia 4500
999 _c40932
_d40932
001 7579
003 GE_BSU
005 20240108120928.0
008 181216s2013||||ge |||||||||||||| ||geo||
020 _a9789941434556
040 _cGE_BSU
041 _ageo
080 _a821.111+27 ს-53
100 _aსირაძე, თამარ
_920952
245 _aეპიფანია ინგლისურ ლიტერატურაში :
_bჯეიმზ ჯოისი და ტომას სტერნზ ელიოტი /
_cთამარ სირაძე ; რედ. მარინა გიორგაძე.
264 _aბათუმი :
_bშოთა რუსთაველის სახ. უნ-ტი,
_c2013.
300 _a160 გვ. :
_bილ. ;
_c19 სმ.
653 _aეპიფანია ინგლისურ ლიტერატურაში
700 _aგიორგაძე, მარინა
_eრედაქტორი
_920953
942 _cBK
_2udc